| 000 | 00948nam0a22002651 4500 | ||
|---|---|---|---|
| 001 | rc\971778 | ||
| 005 | 20250622062625.0 | ||
| 035 | _a(NLR Aleph) 006140679 | ||
| 090 |
_a5658458 _c5658458 |
||
| 100 | _a20041129d1982 |||y0rusy50 ca | ||
| 101 | 0 | _arus | |
| 102 | _aRU | ||
| 105 | _aa ||||||||| | ||
| 200 | 1 | _aБентосные фораминиферы нижнего палеогена Грузии | |
| 210 |
_aТбилиси _cМецниереба _d1982 |
||
| 215 |
_a131 с. _cил. _d20 |
||
| 300 | _aВ вып. дан. авт.: Мария Виссарионовна Качарава | ||
| 300 | _aВ надзаг.: АН ГССР, Гос. музей Грузии им. С.Н. Джанашиа | ||
| 320 | _aБиблиогр.: с. 106-111 | ||
| 700 | 1 |
_aКачарава _bМ.В. _gМариам Виссарионовна |
|
| 801 | 0 |
_aRU _bNLR _gpsbo |
|
| 801 | 1 |
_aRU _bELAR _2rusmarc |
|
| 852 |
_aNLR _j82-3/9239 |
||
| 942 | _cBOOK | ||
| 980 | _aNB | ||